Dictionary of scientific terms: as used in the various sciences (Record no. 431113)

000 -LEADER
fixed length control field 00405cam a22001337a 4500
008 - FIXED-LENGTH DATA ELEMENTS--GENERAL INFORMATION
fixed length control field 180718b1938 xxu||||| |||| 00| 0 eng d
082 ## - DEWEY DECIMAL CLASSIFICATION NUMBER
Classification number YA053 B358
100 ## - MAIN ENTRY--PERSONAL NAME
Personal name Beadnell, C. M.
245 ## - TITLE STATEMENT
Title Dictionary of scientific terms: as used in the various sciences
Statement of responsibility, etc. by C. M. Beadnell
260 ## - PUBLICATION, DISTRIBUTION, ETC.
Place of publication, distribution, etc. London
Name of publisher, distributor, etc. Watts
Date of publication, distribution, etc. 1938
300 ## - PHYSICAL DESCRIPTION
Extent 235p.
440 ## - SERIES STATEMENT/ADDED ENTRY--TITLE
Title Thinker's Library No. 65
650 ## - SUBJECT ADDED ENTRY--TOPICAL TERM
Topical term or geographic name entry element Science --Dictionaries
Holdings
Withdrawn status Lost status Damaged status Not for loan Permanent Location Current Location Date acquired Full call number Barcode Date last seen Price effective from Koha item type
        Indian Institute of Public Administration Indian Institute of Public Administration 2010-01-15 YA053 B358 A1193 2018-07-21 2018-07-21 A

Powered by Koha